Penn State Football: Top 10 All-Time Leaders - Statistics

General Stats
  • This quiz has been taken 39 times
  • The average score is 20 of 58
Answer Stats
Category # Player Amount % Correct
Sacks 4 Abdul Carter 23.0
92%
Passing Yards 4 Drew Allar 7,402
92%
Rushing Yards 2 Saquon Barkley 3,843
92%
Passing Yards 2 Trace McSorley 9,899
92%
Rushing Yards 9 Nicholas Singleton 3,186
88%
Passing Yards 1 Sean Clifford 10,661
88%
Receiving Yards 4 Jahan Dotson 2,757
83%
Rushing Yards 3 Kaytron Allen 3,489
83%
Tackles 5 Marcus Allen 321
75%
Receiving Yards 5 Allen Robinson 2,479
71%
Passing Yards 3 Christian Hackenberg 8,457
71%
Passing Yards 10 Kerry Collins 5,304
71%
Sacks 1 Courtney Brown 33.0
58%
Receiving Yards 6 Chris Godwin 2,421
54%
Rushing Yards 1 Evan Royster 3,932
50%
Rushing Yards 10 Larry Johnson 2,953
46%
Interceptions 1 Neal Smith 19
46%
Interceptions T2 Pete Harris 15
46%
Receiving Yards 9 Bryant Johnson 2,008
42%
Receiving Yards 2 DaeSean Hamilton 2,842
42%
Tackles 4 Sean Lee 325
42%
Receiving Yards 1 Bobby Engram 3,026
38%
Sacks T9 Dani Dennis-Sutton 17.0
38%
Tackles 2 Paul Posluszny 372
33%
Sacks 8 Carl Nassib 17.5
29%
Passing Yards 8 Daryll Clark 5,742
29%
Passing Yards 9 Chuck Fusina 5,382
25%
Rushing Yards 4 Curt Warner 3,398
25%
Sacks 7 Yetur Gross-Matos 18.5
25%
Rushing Yards 7 Curtis Enis 3,256
21%
Tackles 1 Dan Connor 419
21%
Receiving Yards 3 Deon Butler 2,771
21%
Tackles 3 Greg Buttle 343
21%
Passing Yards 6 Matt McGloin 6,390
21%
Passing Yards 7 Tony Sacca 5,869
21%
Receiving Yards 10 Kenny Jackson 2,006
17%
Passing Yards 5 Zack Mills 7,212
17%
Sacks 6 Anthony Zettel 20.0
13%
Rushing Yards 6 Blair Thomas 3,301
13%
Interceptions T2 Darren Perry 15
13%
Receiving Yards 7 Derek Moye 2,395
13%
Rushing Yards 8 D.J. Dozier 3,227
13%
Receiving Yards 8 Jordan Norwood 2,015
13%
Sacks 5 Shaka Toney 20.5
13%
Rushing Yards 5 Tony Hunt 3,320
13%
Interceptions T5 Alan Zemaitis 12
8%
Interceptions T5 Anthony Scirrotto 12
8%
Interceptions T5 Brian Miller 12
8%
Tackles 9 Jason Cabinda 286
8%
Interceptions 4 Kim Herring 13
8%
Sacks 2 Larry Kubin 30.0
8%
Sacks T9 Maurice Evans 17.0
8%
Sacks 3 Michael Haynes 25.5
8%
Tackles 7 Mike Hull 294
8%
Tackles 6 Brian Gelzheiser 315
4%
Tackles 8 Dennis Onkotz 287
4%
Tackles T10 John Skorupan 274
4%
Tackles T10 Shane Conlan 274
4%
No matching quizzes found
Score Distribution
Percent of People with Each Score
Percentile by Number Answered
Your Score History
You have not taken this quiz